Normal view
MARC view
- O,E,C,D
Entry Personal Name
001 - CONTROL NUMBER
- control field: 38390
003 - CONTROL NUMBER IDENTIFIER
- control field: NUST
005 - DATE AND TIME OF LATEST TRANSACTION
- control field: 20210314130702.0
008 - FIXED-LENGTH DATA ELEMENTS
- fixed length control field: 210314|| aca||aabn | a|a d
040 ## - CATALOGING SOURCE
- Original cataloging agency: NUST
- Transcribing agency: NUST
100 ## - HEADING--PERSONAL NAME
- Personal name: O,E,C,D
670 ## - SOURCE DATA FOUND
- Source citation: Work cat.: (NUST): O,E,C,D, TECHINICO - ECONOMIC ANALYSIS OF THE ROLE OF ROAD FREIGHT TRANSPORT, 1986
